000 00452nam a2200181Ia 4500
003 OSt
005 20230511115110.0
008 210423s1975 xx 000 0 und d
040 _cAL
041 _aeng
082 _a301.0954
_223
_bKURI
100 _aKURIAN (Mathew).
_9102879
245 _aIndia: state and society.
260 _aBombay
_bOrient Longman
_c1975
365 _cINR
906 _aIndia ; India: ; society. ; state
942 _2ddc
_cBK
999 _c171952
_d171952